000
00338nam a22001457a 4500
008
221007b ||||| |||| 00| 0 eng d
020
_a
0801635500
041
_a
eng
080
_2
thirteenth edition
_a
616.8
082
_a
616.8 MOU
100
_a
11.2
101
_a
NEU
245
_a
MEDICAL PHYSIOLOGY
_c
MOUNTCASTLE V
942
_2
udc
_c
BK
999
_c
58405
_d
58405